Statistics for Pair them up! Olympian Gods: Greek and Latin names

Click here to take the quiz!

General Stats

  • This quiz has been taken 564 times
  • The average score is 35 of 40

Answer Stats

ANSWER% Correct
Apollo
97%
Venus
96%
Aphrodite
96%
Neptune
95%
Mars
95%
Poseidon
95%
Ares
95%
Zeus
93%
Jupiter
93%
Minerva
92%
Heracles
92%
Hercules
92%
Athena
92%
Pluto
91%
Eros
91%
Dionysus
91%
Bacchus
91%
Cupid
91%
Hades
91%
Artemis
90%
Diana
90%
Mercury
87%
Hermes
87%
Juno
86%
Hera
86%
Proserpina
85%
Persephone
85%
Hephaestus
84%
Vulcan
84%
Faunus
83%
Pan
83%
Vesta
82%
Hestia
82%
Ceres
81%
Demeter
81%
Hebe
77%
Juventas
77%
Vejovis
76%
Asclepius
76%

Score Distribution

Percentile by Number Answered

Percent of People with Each Score

Your Score History

You have not taken this quiz